Statistics for College Football and Basketball Coaches

Click here to take the quiz!

General Stats

  • This quiz has been taken 15,410 times
    (12,781 since last reset)
  • The average score is 16 of 31

Answer Stats

SchoolYearsCoach% Correct
Alabama2007–2023Nick Saban
90%
Alabama1958–1982Bear Bryant
77%
Florida2005–2010Urban Meyer
75%
Duke1980–2022Mike Krzyzewski
69%
Penn State1966–2011Joe Paterno
66%
Indiana1971–2000Bob Knight
61%
Michigan1995–2007Lloyd Carr
61%
USC2001–2009Pete Carroll
61%
Florida State1976–2009Bobby Bowden
59%
UCLA1948–1975John Wooden
59%
North Carolina2003–2021Roy Williams
58%
Michigan State1995–Tom Izzo
58%
Oklahoma1999–2016Bob Stoops
56%
Miami1984–1988Jimmy Johnson
56%
North Carolina1961–1997Dean Smith
55%
Notre Dame1986–1996Lou Holtz
55%
Florida1990–2001Steve Spurrier
55%
Tennessee (Women's)1974–2012Pat Summitt
54%
Ohio State2001–2010Jim Tressel
49%
NC State1980-1990Jimmy Valvano
47%
Ohio State1951–1978Woody Hayes
40%
Connecticut1986–2012Jim Calhoun
39%
Kentucky1989–1997Rick Pitino
39%
Nebraska1973–1997Tom Osborne
39%
Michigan1969–1989Bo Schembechler
38%
Oklahoma1973–1988Barry Switzer
35%
Notre Dame1918–1930Knute Rockne
33%
Wisconsin1990–2005Barry Alvarez
31%
UNLV1974–1992Jerry Tarkanian
31%
Grambling1941–1997Eddie Robinson
26%
Notre Dame1964–1974Ara Parseghian
25%

Score Distribution

Percentile by Number Answered

Percent of People with Each Score

Your Score History

You have not taken this quiz since the last reset